El pirata en el tejado / (Registro nro. 12094)

Detalles MARC
000 -LEADER
fixed length control field 01084nam a2200373 b 4500
001 - CONTROL NUMBER
control field 00506669
003 - CONTROL NUMBER IDENTIFIER
control field DO-SdBNP
005 - DATE AND TIME OF LATEST TRANSACTION
control field 20180216142135.0
007 - PHYSICAL DESCRIPTION FIXED FIELD--GENERAL INFORMATION
fixed length control field 00506669
008 - FIXED-LENGTH DATA ELEMENTS--GENERAL INFORMATION
fixed length control field 960916s1995 sp | ||| ||spa
016 7# - NATIONAL BIBLIOGRAPHIC AGENCY CONTROL NUMBER
Record control number
Source BPMSU
017 ## - COPYRIGHT OR LEGAL DEPOSIT NUMBER
Copyright or legal deposit number
Assigning agency
020 ## - INTERNATIONAL STANDARD BOOK NUMBER
International Standard Book Number 8434834510
035 ## - SYSTEM CONTROL NUMBER
System control number
040 ## - CATALOGING SOURCE
Original cataloging agency BPMSU
Language of cataloging spa
Transcribing agency BPMSU
Description conventions
041 1# - LANGUAGE CODE
Language code of text/sound track or separate title spa
Language code of original
080 #0 - UNIVERSAL DECIMAL CLASSIFICATION NUMBER
Universal Decimal Classification number
082 ## - DEWEY DECIMAL CLASSIFICATION NUMBER
Classification number 833.91
Item number P476p 1995
100 1# - MAIN ENTRY--PERSONAL NAME
Personal name Pestum, Jo
Dates associated with a name 1936-
240 14 - UNIFORM TITLE
Uniform title <a href="Der Pirat auf dem Dach">Der Pirat auf dem Dach</a>
Language of a work Español
245 13 - TITLE STATEMENT
Title El pirata en el tejado /
Statement of responsibility, etc. Jo Pestum ; traducción de Elsa Alfonso Mori ; ilustraciones de Julio Gutiérrez Mas.
Medium
250 ## - EDITION STATEMENT
Edition statement 5a. ed.
260 ## - PUBLICATION, DISTRIBUTION, ETC. (IMPRINT)
Place of publication, distribution, etc. Barcelona :
Name of publisher, distributor, etc. S M,
Date of publication, distribution, etc. 1995
300 ## - PHYSICAL DESCRIPTION
Extent 126 p.:
Other physical details il.;
Dimensions 21 cm
490 1# - SERIES STATEMENT
Series statement El barco de vapor
Volume/sequential designation 70
650 ## - SUBJECT ADDED ENTRY--TOPICAL TERM
Topical term or geographic name as entry element CUENTOS INFANTILES ALEMANES
650 ## - SUBJECT ADDED ENTRY--TOPICAL TERM
Topical term or geographic name as entry element LITERATURA INFANTIL ALEMANA
700 12 - ADDED ENTRY--PERSONAL NAME
Personal name Alfonso Mori, Elsa,
Relator term tr.
700 12 - ADDED ENTRY--PERSONAL NAME
Personal name Gutiérrez Mas, Julio,
Relator term il.
830 #0 - SERIES ADDED ENTRY--UNIFORM TITLE
Uniform title El barco de vapor
Volume number/sequential designation 70
942 ## - ADDED ENTRY ELEMENTS (KOHA)
Source of classification or shelving scheme Dewey Decimal Classification
Koha item type Libros
945 ## - LOCAL PROCESSING INFORMATION (OCLC)
a Inventariado, 2018 /LP
956 ## - LOCAL ELECTRONIC LOCATION AND ACCESS (OCLC)
Host name VMATEO
Access number 10
Compression information 20160408
Processor of request BPMSU
Existencias
Withdrawn status Lost status Source of classification or shelving scheme Damaged status Not for loan Collection code Home library Current library Date acquired Source of acquisition Total Checkouts Full call number Barcode Date last seen Price effective from Koha item type
    Dewey Decimal Classification     Colección Infantil General Biblioteca Pública Metropolitana Salomé Ureña Biblioteca Pública Metropolitana Salomé Ureña 11/24/2016 Fundación Educativa y Cultural (FUNDI)   833.91 P476p 1995 BPMSU16111545 11/24/2016 11/24/2016 Libros